Multifunctional apartment house - Nové PKO, Bratislava
Guardado en:
| Autor principal: | |
|---|---|
| Otros Autores: | |
| Formato: | Manuscrito Libro |
| Lenguaje: | eslovaco inglés |
| Publicado: |
Bratislava
2015
|
| Materias: | |
| Acceso en línea: | http://is.stuba.sk/zp/portal_zp.pl?podrobnosti=112173 |
| Etiquetas: |
Sin Etiquetas, Sea el primero en etiquetar este registro!
|
MARC
| LEADER | 00000ntm a22000003a 4500 | ||
|---|---|---|---|
| 001 | stuzp51915 | ||
| 003 | SK-STU | ||
| 005 | 20210304120918.9 | ||
| 007 | ta | ||
| 008 | 150427s2015----xo-----f-mn---000-0-slo-d | ||
| 040 | |a STU |b slo | ||
| 041 | 0 | |a eng | |
| 100 | 1 | |a Brondoš, Matej, |d 1989- |u 051110 |4 aut |U FAD Fakulta architektúry a dizajnu |U FAD Fakulta architektúry |T FA Ústav architektúry obytných budov |X 68056 |U A1110 |Y 392 |7 A000068056 | |
| 242 | 0 | 1 | |a Polyfunkčný bytový dom - Nové PKO Bratislava |y slo |
| 245 | 1 | 0 | |a Multifunctional apartment house - Nové PKO, Bratislava |
| 260 | |c 2015 |a Bratislava | ||
| 650 | 4 | |a bytový dom |2 slo | |
| 650 | 4 | |a bývanie |2 slo | |
| 650 | 4 | |a vybavenosť |2 slo | |
| 650 | 4 | |a polyfunkčný objekt |2 slo | |
| 650 | 4 | |a multifunctional object |2 eng | |
| 650 | 4 | |a amenities |2 eng | |
| 650 | 4 | |a apartment building |2 eng | |
| 650 | 4 | |a living |2 eng | |
| 700 | 1 | |a Bacová, Andrea, |d 1962- |4 ths |X 354 |7 A000000354 | |
| 856 | 4 | |u http://is.stuba.sk/zp/portal_zp.pl?podrobnosti=112173 |a https://opac.crzp.sk/?fn=detailBiblioForm&sid=D6D76FDBEB5D0472D777C0D57304 | |
| SQL | |a stuzp51915 |b DDP |c ENG |d Polyfunkčný bytový dom - Nové PKO Bratislava |e 68056 |f Brondoš, Matej |g 051110 |h 354 |i Bacová, Andrea |j 20150604 |k 153 |l 05 |m http://is.stuba.sk/zp/portal_zp.pl?podrobnosti=112173 |n I-ARCH |o 5.1.1. architektúra a urbanizmus | ||